Etica profesional : parte fundamental /

Sparad:
Bibliografiska uppgifter
Huvudupphov: García de Alba, Juan Manuel (autor)
Övriga upphov: Huesca Pacheco, Rosendo (prólogo) (prólogo), Robles Ortega, Francisco (prólogo) (prólogo), Sandoval Iñiguez, Juan (presentación) (presentación)
Materialtyp: Bok
Språk:spanska
Utgiven: Morelia, México : AMIESIC, 1998, c1998
Taggar: Lägg till en tagg
Inga taggar, Lägg till första taggen!

MARC

LEADER 00000nam^a2200000^a^4500
001 000560104
005 20250521000000.0
009 20260310131855.358
020 |a 968-6101-92-6 
037 |a Acervo ITESO - Biblioteca 
041 |a ESP 
091 |a FGM. 01003 
100 |a García de Alba, Juan Manuel  |e (autor) 
245 1 0 |a Etica profesional :  |b parte fundamental / 
264 4 |a Morelia, México :  |b AMIESIC,  |c 1998, c1998 
300 |a 270 p. 
336 |a texto  |b txt  |2 rdacontenido 
337 |a sin mediación  |b n  |2 rdamedio 
338 |a volumen  |b nc  |2 rdasoporte 
649 |a XX 
700 |a Huesca Pacheco, Rosendo  |e (prólogo) 
700 |a Robles Ortega, Francisco  |e (prólogo) 
700 |a Sandoval Iñiguez, Juan  |e (presentación) 
910 |a Fondo Efraín González Morfín 
920 |a Impresos - Libros 
930 |a Fondos Especiales 
905 |a 130 
901 |a 0500386322  |b IT2  |c ESL  |i D93692  |u 20250521 
902 |a https://opac.biblio.iteso.mx/vufind/Record/000560104